000 00763nam a2200253Ia 4500
003 OSt
005 20220923211451.0
006 a|||||r|||| 00| 0
007 ta
008 Pun
020 _a9789350688878 (hbk)
_c400
024 _a289,968
037 _b1021, 16/03/2016, H.K. Prakashan
_cTextual
040 _aARTS
_cARTS
_bPun
041 _2Pun
_aPun
082 _aO153,3NBAL,AF, Q4
100 _aਸਿੰਘ, ਬਲਦੇਵ
245 0 _aਅਫਲਾਤੂ
260 _aਚੰਡੀਗੜ
_b ਲੋਕਗੀਤ
_c2014
300 _a340ਪੰ
_ccm.
650 _aਪੰਜਾਬੀ ਸਾਹਿਤ
942 _hO153,3NBAL,AF, Q4
_cTEXL
_2CC
999 _c299821
_d299821